000 00353nam a2200157Ia 4500
999 _c2701
_d2701
003 OSt
005 20190916182432.0
008 190902s9999||||xx |||||||||||||| ||und||
020 _a978-1285861982
040 _cmaju
100 _a Richard L. Daft
245 0 _aManagement
260 _aIndia
_bThe McGraw-Hill
_c2005
300 _a840
942 _cBK
_2ddc